[Event "Wch U16"]
[Site "Montesilvano"]
[Date "2023.11.20"]
[Round "7"]
[White "Leitgeb, Julian"]
[Black "Cazan, Mircea Andrei"]
[Result "1-0"]
[WhiteElo "2174"]
[BlackElo "1962"]
[PlyCount "75"]
[EventDate "2023.11.13"]
[EventType "swiss"]
[EventRounds "11"]
[EventCountry "ITA"]
[SourceTitle "CB48_2023"]
[SourceDate "2023.11.29"]
[SourceVersion "1"]
[SourceVersionDate "2023.11.29"]
[SourceQuality "1"]

1. e4 c5 2. Nf3 Nc6 3. d4 cxd4 4. Nxd4 Nf6 5. Nc3 d6 6. Bg5 e6 7. Qd2 a6 8. 0-0-0 Bd7 9. f3 Nxd4 10. Qxd4 Be7 11. h4 Qc7 12. h5 h6 13. Be3 b5 14. g4 0-0 15. g5 hxg5 16. Bxg5 Rfc8 17. h6 Qc5 18. Qxc5 Rxc5 19. hxg7 Rac8 20. Bxf6 Bxf6 21. Rxd6 R8c7 22. Bd3 b4 23. Nd5 exd5 24. Rxf6 dxe4 25. fxe4 Be6 26. Rg1 Rh5 27. b3 a5 28. Rf2 Rc3 29. Rd2 Rcc5 30. Rdg2 Rh3 31. Kd2 Re5 32. Rg5 Rh5 33. Rxh5 Rxh5 34. Ke3 Rh3+ 35. Kd4 Rh5 36. Rg3 Bd7 37. Bc4 Bc6 38. Bxf7+ 1-0

[Event "Wch U16"]
[Site "Montesilvano"]
[Date "2023.11.17"]
[Round "5"]
[White "Paseka, Matyas"]
[Black "Cazan, Mircea Andrei"]
[Result "1-0"]
[WhiteElo "2250"]
[BlackElo "1962"]
[PlyCount "95"]
[EventDate "2023.11.13"]
[EventType "swiss"]
[EventRounds "11"]
[EventCountry "ITA"]
[SourceTitle "CB48_2023"]
[SourceDate "2023.11.29"]
[SourceVersion "1"]
[SourceVersionDate "2023.11.29"]
[SourceQuality "1"]

1. e4 c5 2. Nf3 d6 3. d4 cxd4 4. Nxd4 Nf6 5. Nc3 g6 6. f3 Bg7 7. Be3 0-0 8. Qd2 Nc6 9. 0-0-0 d5 10. exd5 Nxd5 11. Nxc6 bxc6 12. Bd4 e5 13. Bc5 Be6 14. Ne4 Re8 15. h4 h5 16. Bc4 Qc7 17. g4 Nf4 18. Bxe6 Rxe6 19. Ng5 Ree8 20. Qd7 Qxd7 21. Rxd7 Ne6 22. Nxe6 Rxe6 23. g5 e4 24. fxe4 Rxe4 25. Rf1 Bf8 26. Bd4 Re7 27. Rxe7 Bxe7 28. Re1 Bd6 29. Re4 a6 30. Kd2 Kf8 31. Kc3 Rb8 32. Be5 Ke7 33. Bxd6+ Kxd6 34. Rf4 Rb7 35. b4 Kd5 36. Rd4+ Ke5 37. Rc4 Kd5 38. Rc5+ Kd6 39. Ra5 Ra7 40. Kd4 Kc7 41. Ke5 Kb6 42. Kd6 Ra8 43. Ke7 Ra7+ 44. Ke8 Rc7 45. Re5 c5 46. Rxc5 Rb7 47. c3 Ka7 48. a4 1-0

[Event "EU-ch U14 30th"]
[Site "Antalya"]
[Date "2022.11.10"]
[Round "5"]
[White "Cazan, Mircea Andrei"]
[Black "Tabuenca Mendataurigoitia, Daniel"]
[Result "0-1"]
[WhiteElo "1898"]
[BlackElo "2185"]
[PlyCount "78"]
[EventDate "2022.11.06"]
[EventType "swiss"]
[EventRounds "9"]
[EventCountry "TUR"]
[SourceTitle "EXT 2024"]
[Source "ChessBase"]
[SourceDate "2023.10.10"]
[SourceVersion "1"]
[SourceVersionDate "2023.10.10"]
[SourceQuality "1"]

1. e4 e6 2. d4 d5 3. Bd3 dxe4 4. Bxe4 Nf6 5. Bf3 c5 6. Ne2 e5 7. dxe5 Qxd1+ 8. Kxd1 Ng4 9. Bxg4 Bxg4 10. f3 Bd7 11. c3 Nc6 12. f4 0-0-0 13. Ke1 g5 14. g3 gxf4 15. gxf4 Bh6 16. Nd2 Bg4 17. Nb3 f6 18. Rg1 Rhg8 19. exf6 b6 20. Kf2 Kd7 21. f7 Rg7 22. Be3 Ke7 23. Ng3 Rxf7 24. Rae1 Kd7 25. f5 Bf8 26. Bg5 Be7 27. Bxe7 Nxe7 28. Re5 Rdf8 29. Rge1 h5 30. Kg2 Nxf5 31. Nxf5 Bxf5 32. Nd2 h4 33. Nf3 Rg8+ 34. Kh1 Bh3 35. Ng5 Rf1+ 36. Rxf1 Bxf1 37. Kg1 Bc4 38. b3 Kd6 39. bxc4 Kxe5 0-1

[Event "EU-ch U14 30th"]
[Site "Antalya"]
[Date "2022.11.08"]
[Round "3"]
[White "Cazan, Mircea Andrei"]
[Black "Hovakimyan, Vache"]
[Result "0-1"]
[WhiteElo "1898"]
[BlackElo "2077"]
[PlyCount "34"]
[EventDate "2022.11.06"]
[EventType "swiss"]
[EventRounds "9"]
[EventCountry "TUR"]
[SourceTitle "EXT 2024"]
[Source "ChessBase"]
[SourceDate "2023.10.10"]
[SourceVersion "1"]
[SourceVersionDate "2023.10.10"]
[SourceQuality "1"]

1. e4 c5 2. Nf3 Nc6 3. d4 cxd4 4. Nxd4 g6 5. Nc3 Bg7 6. Be3 Nf6 7. Nxc6 bxc6 8. e5 Ng8 9. Bd4 f6 10. Qe2 Qa5 11. exf6 Nxf6 12. 0-0-0 Rb8 13. Qc4 e6 14. h4 0-0 15. Be2 Qc7 16. Qc5 d6 17. Qxa7 Rb7 0-1

[Event "Wch U14"]
[Site "Mamaia"]
[Date "2022.09.06"]
[Round "1"]
[White "Cazan, Mircea Andrei"]
[Black "Ljepic, Andrej"]
[Result "0-1"]
[WhiteElo "1809"]
[BlackElo "2243"]
[PlyCount "92"]
[EventDate "2022.09.06"]
[EventType "swiss"]
[EventRounds "11"]
[EventCountry "ROU"]
[SourceTitle "CBM 210 Extra"]
[Source "ChessBase"]
[SourceDate "2022.11.30"]
[SourceVersion "1"]
[SourceVersionDate "2022.11.30"]
[SourceQuality "1"]

1. e4 c5 2. Nf3 Nc6 3. d4 cxd4 4. Nxd4 e5 5. Nb5 d6 6. N1c3 a6 7. Na3 Be6 8. Nd5 Bxd5 9. Qxd5 Nf6 10. Qb3 b5 11. Bg5 Qa5+ 12. Bd2 Qc7 13. Bd3 Nd4 14. Qc3 Qb7 15. f3 d5 16. Qa5 dxe4 17. fxe4 Nc6 18. Qc3 Bb4 19. Qb3 Bxd2+ 20. Kxd2 Nd4 21. Qb4 Nxe4+ 22. Kc1 Nf2 23. Re1 Nxd3+ 24. cxd3 Rc8+ 25. Kb1 Qd5 26. b3 f6 27. Qd2 0-0 28. Kb2 Rc6 29. Rac1 Rfc8 30. Rxc6 Rxc6 31. Qf2 Ne6 32. Nc2 Qxd3 33. Rc1 Qc3+ 34. Kb1 Nd4 35. Qe3 Nxc2 36. Qxc3 Rxc3 37. Rxc2 Rxc2 38. Kxc2 Kf7 39. Kd3 Ke6 40. a4 bxa4 41. bxa4 Kd5 42. h3 f5 43. g4 f4 44. h4 e4+ 45. Kd2 Kd4 46. Ke2 a5 0-1

[Event "ROM-ch U14"]
[Site "Eforie Nord"]
[Date "2022.04.16"]
[Round "7"]
[White "Prelipcean, Eric Matei"]
[Black "Cazan, Mircea Andrei"]
[Result "1-0"]
[WhiteElo "1964"]
[BlackElo "1719"]
[PlyCount "61"]
[EventDate "2022.04.11"]
[EventType "swiss"]
[EventRounds "9"]
[EventCountry "ROU"]
[SourceTitle "EXT 2023"]
[Source "ChessBase"]
[SourceDate "2022.10.05"]
[SourceVersion "1"]
[SourceVersionDate "2022.10.05"]
[SourceQuality "1"]

1. d4 d5 2. c4 e6 3. Nc3 c6 4. Nf3 dxc4 5. a4 Bb4 6. e3 b5 7. Bd2 a5 8. axb5 Bxc3 9. Bxc3 cxb5 10. b3 Bb7 11. bxc4 b4 12. Bb2 Nf6 13. Bd3 0-0 14. 0-0 Nbd7 15. Bc2 Qc7 16. Rc1 Kh8 17. Nd2 e5 18. d5 Nb6 19. Bd3 a4 20. Qe2 Nfd7 21. f4 Rae8 22. Qh5 h6 23. fxe5 Nxe5 24. Rf5 Nbd7 25. Nf3 Nxf3+ 26. Rxf3 Qd6 27. Rxf7 Rxf7 28. Qxf7 Rg8 29. Qf5 Nf8 30. Be5 Qd7 31. Qf4 1-0

[Event "ROM-ch U14"]
[Site "Mamaia"]
[Date "2021.04.09"]
[Round "4"]
[White "Cazan, Mircea Andrei"]
[Black "Dumitru, Luca Serban"]
[Result "0-1"]
[WhiteElo "1669"]
[BlackElo "1799"]
[PlyCount "85"]
[EventDate "2021.04.07"]
[EventType "swiss"]
[EventRounds "9"]
[EventCountry "ROU"]
[SourceTitle "EXT 2022"]
[Source "ChessBase"]
[SourceDate "2021.10.06"]
[SourceVersion "1"]
[SourceVersionDate "2021.10.06"]
[SourceQuality "1"]

1. e4 e6 2. d4 d5 3. Bd3 Nf6 4. Nd2 c5 5. e5 Nfd7 6. c3 Nc6 7. Ne2 cxd4 8. cxd4 Nb6 9. 0-0 Bd7 10. a3 Rc8 11. f4 a5 12. Nf3 a4 13. Bd2 Na7 14. Nc3 Nc6 15. Qe2 Na5 16. Nd1 Nbc4 17. Ne3 Nb3 18. Rab1 Ncxd2 19. Nxd2 Nxd4 20. Qg4 Bb5 21. Bxb5+ Nxb5 22. Kh1 h5 23. Qe2 Qd7 24. f5 Nd4 25. Qd3 Bc5 26. Rbc1 0-0 27. Rxc5 Rxc5 28. Qxd4 Rfc8 29. f6 g6 30. Qf4 Qe8 31. g4 Rc1 32. gxh5 Rxf1+ 33. Qxf1 Qc6 34. hxg6 d4+ 35. Ng2 Qc1 36. g7 Qxd2 37. Ne1 Rc1 38. Kg1 Rxe1 39. Qxe1 Qxe1+ 40. Kg2 Qxe5 41. h4 Qxf6 42. h5 Qxg7+ 43. Kf3 0-1

[Event "ROM-ch U14"]
[Site "Mamaia"]
[Date "2021.04.07"]
[Round "1"]
[White "Radu, Silviu Cristian"]
[Black "Cazan, Mircea Andrei"]
[Result "0-1"]
[WhiteElo "1017"]
[BlackElo "1669"]
[PlyCount "56"]
[EventDate "2021.04.07"]
[EventType "swiss"]
[EventRounds "9"]
[EventCountry "ROU"]
[SourceTitle "EXT 2022"]
[Source "ChessBase"]
[SourceDate "2021.10.06"]
[SourceVersion "1"]
[SourceVersionDate "2021.10.06"]
[SourceQuality "1"]

1. d4 d5 2. c4 e6 3. Nc3 c6 4. Nf3 dxc4 5. a4 Bb4 6. Qc2 b5 7. axb5 cxb5 8. e3 a6 9. Be2 Bb7 10. 0-0 Nf6 11. Bd2 0-0 12. b3 cxb3 13. Qxb3 Bxc3 14. Bxc3 Nc6 15. Rfc1 Qb6 16. Qb2 Ne4 17. Be1 Rfc8 18. Bd3 Ne7 19. Nd2 Nd6 20. Nc4 Qc6 21. d5 Qxd5 22. e4 Qxd3 23. Nxd6 Qxd6 24. Bc3 f6 25. Bb4 Qd7 26. e5 f5 27. Rd1 Qe8 28. Qa3 Nd5 0-1

[Event "Hannibal Online op U12"]
[Site "Chess.com INT"]
[Date "2020.06.07"]
[Round "7"]
[White "Cazan, Mircea Andrei"]
[Black "Coicev, Matei Andrei"]
[Result "1-0"]
[WhiteElo "1494"]
[BlackElo "1845"]
[PlyCount "121"]
[EventDate "2020.06.01"]
[EventType "swiss"]
[EventRounds "9"]
[EventCountry "MDA"]
[SourceTitle "CBM 196 Extra"]
[Source "ChessBase"]
[SourceDate "2020.07.31"]
[SourceVersion "1"]
[SourceVersionDate "2020.07.31"]
[SourceQuality "1"]

1. e4 c5 2. Nc3 g6 3. f4 Bg7 4. Nf3 Nc6 5. Bb5 e6 6. Bxc6 bxc6 7. d3 d5 8. e5 Ne7 9. 0-0 0-0 10. Qe1 Ba6 11. Na4 c4 12. Nc5 Bc8 13. d4 Nf5 14. g4 Ne7 15. c3 Kh8 16. Be3 Ng8 17. Kg2 Qe7 18. Rh1 f6 19. Qg3 f5 20. g5 Bd7 21. h4 Be8 22. b3 Rb8 23. Qf2 Bf7 24. Qe2 Qd8 25. bxc4 dxc4 26. Qxc4 Rb2+ 27. Kg3 Ne7 28. Qd3 Qa5 29. a4 Rfb8 30. Bc1 Nd5 31. Bxb2 Rxb2 32. Rhg1 Nxc3 33. Nd2 Qb4 34. Rgc1 Na2 35. Rxa2 Rxa2 36. Nc4 Qb8 37. Rb1 Qd8 38. Nd6 Bg8 39. Qb3 Rd2 40. Qb8 Qe7 41. Rb7 Qf8 42. Qxf8 Bxf8 43. Rb8 Be7 44. Nxe6 h5 45. Rb7 Bxd6 46. exd6 Bxe6 47. Re7 Rxd4 48. Rxe6 Kg7 49. Re7+ Kf8 50. Rxa7 Rxd6 51. a5 c5 52. Ra8+ Kg7 53. Rc8 Rd3+ 54. Kf2 Rd4 55. a6 Rxf4+ 56. Kg3 Rg4+ 57. Kf3 Ra4 58. Rc7+ Kg8 59. a7 c4 60. Rc8+ Kg7 61. a8Q 1-0

[Event "FISCA Online U14 op"]
[Site "Chess.com INT"]
[Date "2020.05.16"]
[Round "8"]
[White "Cazan, Mircea Andrei"]
[Black "Popescu, Alexandru Mihai"]
[Result "1-0"]
[WhiteElo "1494"]
[BlackElo "1360"]
[PlyCount "135"]
[EventDate "2020.05.09"]
[EventType "swiss"]
[EventRounds "9"]
[EventCountry "ROU"]
[SourceTitle "EXT 2021"]
[Source "ChessBase"]
[SourceDate "2020.10.23"]
[SourceVersion "1"]
[SourceVersionDate "2020.10.23"]
[SourceQuality "1"]

1. e4 d5 2. exd5 Nf6 3. d4 Bg4 4. f3 Bf5 5. Bb5+ Bd7 6. Bxd7+ Nbxd7 7. c4 Nb6 8. b3 a5 9. Ne2 a4 10. Bb2 g6 11. 0-0 Bg7 12. Nd2 0-0 13. Qc2 Nbd7 14. Ne4 b5 15. Nf4 bxc4 16. bxc4 Nb6 17. Qd3 Rb8 18. Ba3 Re8 19. Rad1 Qc8 20. Ne2 Qa6 21. c5 Qxd3 22. Rxd3 Nbxd5 23. N2g3 c6 24. Re1 Red8 25. Rd2 Rb7 26. Kf2 Rdb8 27. Nxf6+ Bxf6 28. Ne4 Bg7 29. g3 h6 30. Kg2 Rd8 31. Bb2 Rdb8 32. Ba3 Rd8 33. h4 Nc7 34. Bb2 Nb5 35. Red1 Rbd7 36. g4 Bxd4 37. Bxd4 Rxd4 38. Rxd4 Rxd4 39. Rxd4 Nxd4 40. Nc3 a3 41. Kf2 Kf8 42. Ke3 Ne6 43. Na4 Ke8 44. f4 Kd8 45. f5 gxf5 46. gxf5 Nc7 47. Kf4 Nd5+ 48. Kg4 Nb4 49. Nc3 Nd3 50. Kh5 Nxc5 51. Kxh6 Nd7 52. Ne4 Nf8 53. Kg7 Ke8 54. h5 e5 55. h6 c5 56. Nd6+ Ke7 57. f6+ Kxd6 58. Kxf8 Kd5 59. h7 Kc4 60. h8Q Kc3 61. Kxf7 Kb2 62. Qh2+ Kb1 63. Qxe5 c4 64. Qe4+ Kxa2 65. Qxc4+ Kb2 66. Qb4+ Ka2 67. Qxa3+ Kxa3 68. Ke7 1-0

[Event "FISCA Online U14 op"]
[Site "Chess.com INT"]
[Date "2020.05.14"]
[Round "6"]
[White "Cazan, Mircea Andrei"]
[Black "Korniychuk, Igor"]
[Result "1-0"]
[WhiteElo "1494"]
[BlackElo "1426"]
[PlyCount "71"]
[EventDate "2020.05.09"]
[EventType "swiss"]
[EventRounds "9"]
[EventCountry "ROU"]
[SourceTitle "EXT 2021"]
[Source "ChessBase"]
[SourceDate "2020.10.23"]
[SourceVersion "1"]
[SourceVersionDate "2020.10.23"]
[SourceQuality "1"]

1. e4 c5 2. Nf3 e6 3. d4 cxd4 4. Nxd4 Nf6 5. Nc3 d6 6. f4 Be7 7. Qf3 Qb6 8. Nb3 Nc6 9. Be3 Qd8 10. 0-0-0 Bd7 11. g4 a5 12. g5 Ng8 13. a4 Rc8 14. h4 Nb4 15. Rh2 Qc7 16. Kb1 h6 17. h5 Bc6 18. g6 f6 19. Rhd2 f5 20. Nd4 fxe4 21. Nxe4 Bd5 22. Bb5+ Kd8 23. f5 Nf6 24. Nxe6+ Bxe6 25. fxe6 Nxe4 26. Qxe4 d5 27. Rxd5+ Nxd5 28. Qxd5+ Bd6 29. Qxd6+ Qxd6 30. Rxd6+ Ke7 31. Rd7+ Kxe6 32. Rxg7 Rhd8 33. Bxh6 Rd1+ 34. Ka2 Rxc2 35. Rxb7 Re1 36. g7 1-0

[Event "FISCA Online U14 op"]
[Site "Chess.com INT"]
[Date "2020.05.12"]
[Round "4"]
[White "Cazan, Mircea Andrei"]
[Black "Pal, Rohan"]
[Result "1-0"]
[WhiteElo "1494"]
[BlackElo "1712"]
[PlyCount "83"]
[EventDate "2020.05.09"]
[EventType "swiss"]
[EventRounds "9"]
[EventCountry "ROU"]
[SourceTitle "EXT 2021"]
[Source "ChessBase"]
[SourceDate "2020.10.23"]
[SourceVersion "1"]
[SourceVersionDate "2020.10.23"]
[SourceQuality "1"]

1. e4 e5 2. Nf3 Nc6 3. Bc4 Bc5 4. d3 d6 5. Nc3 Nf6 6. Bg5 Be6 7. Nd5 Bxd5 8. Bxd5 h6 9. Bxf6 Qxf6 10. c3 0-0 11. 0-0 Ne7 12. Bc4 Ng6 13. d4 Bb6 14. a4 a5 15. Qd2 Nf4 16. Rfe1 Kh8 17. Kh1 Qg6 18. g3 Nh5 19. dxe5 dxe5 20. Nxe5 Qf6 21. f4 Rad8 22. Qe2 g6 23. Rad1 Rxd1 24. Rxd1 Qe7 25. Bxf7 Kg7 26. Bb3 Rd8 27. Rxd8 Qxd8 28. Qg4 Qd6 29. Bf7 Ba7 30. Bxg6 Nf6 31. Qe2 Qb6 32. Qe1 Qxb2 33. Bf5 Qb3 34. Nd7 Qxa4 35. Nxf6 Kxf6 36. Bh3 Qa2 37. e5+ Ke7 38. f5 Qf2 39. f6+ Kf7 40. Qd1 Qe3 41. Qd7+ Kf8 42. Qe7+ 1-0

[Event "FISCA Online U14 op"]
[Site "Chess.com INT"]
[Date "2020.05.10"]
[Round "2"]
[White "Cazan, Mircea Andrei"]
[Black "Pandelescu, Maria Catalina"]
[Result "1/2-1/2"]
[WhiteElo "1494"]
[BlackElo "1242"]
[PlyCount "85"]
[EventDate "2020.05.09"]
[EventType "swiss"]
[EventRounds "9"]
[EventCountry "ROU"]
[SourceTitle "EXT 2021"]
[Source "ChessBase"]
[SourceDate "2020.10.23"]
[SourceVersion "1"]
[SourceVersionDate "2020.10.23"]
[SourceQuality "1"]

1. e4 d5 2. exd5 Qxd5 3. Nf3 Nf6 4. d4 Bg4 5. Be2 Nc6 6. 0-0 0-0-0 7. c3 e5 8. dxe5 Nxe5 9. Nxe5 Qxd1 10. Rxd1 Rxd1+ 11. Bxd1 Bxd1 12. Nxf7 Rg8 13. Bg5 Be7 14. Nd2 Bh5 15. Ne5 Rd8 16. Nb3 Rd5 17. Re1 Bd6 18. Bxf6 gxf6 19. Nc4 Bf8 20. h3 Bf7 21. g3 Rg5 22. Ncd2 f5 23. Nf3 Rg8 24. Kh2 Bd6 25. Nbd4 f4 26. Nf5 fxg3+ 27. fxg3 Bxa2 28. Ra1 Bd5 29. Rxa7 Kd7 30. N3d4 Bc5 31. Ra5 b6 32. Ra1 Rf8 33. Ne3 Bb7 34. Rf1 Re8 35. Nec2 Bd5 36. Rf5 Be4 37. Rf7+ Kc8 38. Rf2 Rd8 39. Re2 Bd3 40. Rg2 Be4 41. Re2 Bd3 42. Rg2 Be4 43. Re2 1/2-1/2